| 000 | 00565cam a22001577a 4500 | ||
|---|---|---|---|
| 008 | 180718b1966 xxu||||| |||| 00| 0 eng d | ||
| 082 | _aB3x5406 M926/B259 | ||
| 100 | _aBeaglehole, T.H. | ||
| 245 |
_aThomas Munro and the development of administrative policy in Madras, 1792-1818: the origins of `the Munro system' _cby T.H. Beaglehole |
||
| 260 |
_aLondon _bCmbridge Univ. Press _c1966 |
||
| 300 | _a183p. | ||
| 500 | _a35/- | ||
| 650 | _aMadras (India) --History. | ||
| 650 | _aMadras (India) --Politics and government | ||
| 650 | _aMunro, Thomas, Sir, 1761-1827 | ||
| 999 |
_c359275 _d359275 |
||